Countries with Provinces - Statistics

General Stats
  • This quiz has been taken 17 times
  • The average score is 38 of 69
Answer Stats
Country % Correct
Canada
79%
China
79%
Pakistan
79%
Iran
71%
Turkey
71%
Afghanistan
64%
Indonesia
64%
Kyrgyzstan
64%
Laos
64%
Mongolia
64%
North Korea
64%
Oman
64%
Panama
64%
Saudi Arabia
64%
South Korea
64%
Tajikistan
64%
Turkmenistan
64%
Uzbekistan
64%
Vietnam
64%
Algeria
57%
Angola
57%
Argentina
57%
Armenia
57%
Cambodia
57%
Chile
57%
Costa Rica
57%
Democratic Republic of the Congo
57%
Dominican Republic
57%
Finland
57%
Gabon
57%
Georgia
57%
Greece
57%
Kazakhstan
57%
Madagascar
57%
Mozambique
57%
Nepal
57%
Norway
57%
Poland
57%
Romania
57%
South Africa
57%
Spain
57%
Thailand
57%
Ukraine
57%
Zambia
57%
Zimbabwe
57%
Belarus
50%
Bulgaria
50%
Cuba
50%
Ecuador
50%
Ireland
50%
Italy
50%
Kenya
50%
Papua New Guinea
50%
Peru
50%
Philippines
50%
Rwanda
50%
Suriname
50%
Belgium
43%
Bolivia
43%
Burundi
43%
Fiji
43%
Netherlands
43%
Solomon Islands
43%
Vanuatu
43%
Burkina Faso
36%
Sierra Leone
36%
Sri Lanka
36%
Tonga
36%
Equatorial Guinea
29%
No matching quizzes found
Score Distribution
Percent of People with Each Score
Percentile by Number Answered
Your Score History
You have not taken this quiz